[Event "GBR-ch106 Senior Over 65"]
[Site "Torquay"]
[Date "2019.08.02"]
[Round "5.23"]
[White "O'Brien, Paul W"]
[Black "Smith, David"]
[Result "1-0"]
[WhiteElo "1590"]
[BlackElo "1878"]
[PlyCount "65"]
[EventDate "2019.07.29"]
[EventType "swiss"]
[EventRounds "7"]
[EventCountry "GBR"]

1. e4 d6 2. d4 Nf6 3. Nc3 g6 4. f4 Bg7 5. Nf3 O-O 6. Be3 c6 7. Qd2 b5 8. a3 a6
9. h3 Nbd7 10. e5 Nd5 11. Nxd5 cxd5 12. Bd3 Nb6 13. b3 dxe5 14. fxe5 f6 15. O-O
Be6 16. Bh6 Nd7 17. exf6 exf6 18. Bxg7 Kxg7 19. a4 Rb8 20. axb5 axb5 21. Ra6
Rb6 22. Rfa1 Bf7 23. Qa5 Rxa6 24. Qxa6 Qc7 25. Qxb5 Rb8 26. Qa5 Qd6 27. Qa7 Nb6
28. Ra6 Qf4 29. Rxb6 Rxb6 30. Qxb6 Qe3+ 31. Kf1 Be6 32. Qc7+ Kh6 33. Qg3 1-0

[Event "GBR-ch106 Senior Over 65"]
[Site "Torquay"]
[Date "2019.08.02"]
[Round "5.24"]
[White "Moore, Gillian A"]
[Black "Cresswell, Mike J"]
[Result "1/2-1/2"]
[WhiteElo "1807"]
[BlackElo "1685"]
[PlyCount "69"]
[EventDate "2019.07.29"]
[EventType "swiss"]
[EventRounds "7"]
[EventCountry "GBR"]

1. d4 Nf6 2. Nc3 g6 3. Bf4 d6 4. Qd2 Bf5 5. f3 Nc6 6. e4 Bd7 7. d5 Ne5 8. O-O-O
h6 9. h4 c6 10. dxc6 Nxc6 11. g4 Qa5 12. Kb1 Be6 13. Nge2 O-O-O 14. Nd4 Nxd4
15. Qxd4 Bg7 16. Bc4 Nd5 17. Qxg7 Nxf4 18. Qd4 Qc5 19. Qxc5+ dxc5 20. Nd5 Nxd5
21. exd5 Bd7 22. c3 f5 23. g5 hxg5 24. hxg5 b5 25. Be2 c4 26. f4 Kc7 27. Bf3
Kd6 28. Kc2 a5 29. Rde1 Rde8 30. a3 Kc5 31. Kd2 Kd6 32. Reg1 e6 33. dxe6 Rxh1
34. Rxh1 Rxe6 35. Rh6 1/2-1/2

[Event "GBR-ch106 Senior Over 65"]
[Site "Torquay"]
[Date "2019.08.03"]
[Round "6.1"]
[White "Norman, Kenneth I"]
[Black "Hewson, Brian WR"]
[Result "0-1"]
[WhiteElo "2121"]
[BlackElo "2035"]
[PlyCount "50"]
[EventDate "2019.07.29"]
[EventType "swiss"]
[EventRounds "7"]
[EventCountry "GBR"]

1. Nf3 d6 2. d4 g6 3. c4 Bg7 4. g3 Nc6 5. Bg2 e5 6. d5 Nce7 7. e4 Nf6 8. Nc3
O-O 9. O-O c6 10. Nd2 cxd5 11. cxd5 Nd7 12. Nc4 Nb6 13. Nxb6 Qxb6 14. Rb1 f5
15. Be3 Qd8 16. f3 fxe4 17. fxe4 Bd7 18. a4 a6 19. Qb3 b5 20. axb5 axb5 21. Qb4
Nc8 22. Rfc1 Bf6 23. Re1 Bg5 24. Bf2 Qe8 25. Ra1 Qf7 0-1

[Event "GBR-ch106 Senior Over 65"]
[Site "Torquay"]
[Date "2019.08.03"]
[Round "6.2"]
[White "Friedgood, David"]
[Black "Emerson, Roger"]
[Result "1-0"]
[WhiteElo "2177"]
[BlackElo "2181"]
[PlyCount "123"]
[EventDate "2019.07.29"]
[EventType "swiss"]
[EventRounds "7"]
[EventCountry "GBR"]

1. c4 e6 2. Nf3 d5 3. e3 Nf6 4. b3 c5 5. Bb2 d4 6. exd4 cxd4 7. Bxd4 Nc6 8. Be3
e5 9. d3 Bf5 10. a3 Be7 11. Be2 O-O 12. O-O Ng4 13. b4 Nxe3 14. fxe3 e4 15.
dxe4 Bxe4 16. Nc3 Bxf3 17. Bxf3 Bf6 18. Rc1 Bxc3 19. Rxc3 Qe7 20. Bxc6 bxc6 21.
Rd3 a5 22. Qd2 axb4 23. axb4 Ra4 24. c5 h6 25. Rd1 Qe4 26. Rd4 Qe6 27. h3 Re8
28. Rd8 Rxd8 29. Qxd8+ Kh7 30. Qd4 Ra3 31. Rd3 Ra2 32. Rd2 Ra3 33. e4 f6 34.
Re2 Rb3 35. e5 f5 36. Kh2 Ra3 37. Rf2 Rb3 38. Qd6 Qc4 39. e6 Re3 40. Qxc6 Qxb4
41. Qd6 Qe4 42. c6 Qxe6 43. Qxe6 Rxe6 44. Rc2 Re8 45. c7 Rc8 46. Kg3 g5 47. Rc6
Kg7 48. h4 Kf7 49. Rxh6 gxh4+ 50. Kxh4 Ke7 51. Rh7+ Ke6 52. Kg5 Rg8+ 53. Kf4
Rg4+ 54. Kf3 Rc4 55. g3 Ke5 56. Ke3 Rc3+ 57. Kd2 Rc5 58. g4 Rc6 59. g5 f4 60.
g6 Kf6 61. g7 Kf7 62. Rh8 1-0

[Event "GBR-ch106 Senior Over 65"]
[Site "Torquay"]
[Date "2019.08.03"]
[Round "6.3"]
[White "Page, Mark E"]
[Black "Shephard, Chris CW"]
[Result "1-0"]
[WhiteElo "2102"]
[BlackElo "2214"]
[PlyCount "77"]
[EventDate "2019.07.29"]
[EventType "swiss"]
[EventRounds "7"]
[EventCountry "GBR"]

1. e4 d6 2. d4 Nf6 3. Nc3 e5 4. Nf3 Nbd7 5. g4 g6 6. g5 Nh5 7. Be3 Bg7 8. Be2
O-O 9. Qd2 c6 10. Rg1 b5 11. dxe5 dxe5 12. a3 Re8 13. Rd1 a6 14. Nh4 Nf4 15.
Bg4 Ne6 16. Nf3 Nd4 17. Nxd4 exd4 18. Bxd4 Ne5 19. Be2 Be6 20. f4 Nc4 21. Bxc4
Bxd4 22. Qxd4 Qxd4 23. Rxd4 Bxc4 24. Kf2 c5 25. Rd6 b4 26. axb4 cxb4 27. Nd5
Bxd5 28. exd5 Re4 29. Kf3 Rc4 30. Rg2 a5 31. b3 Rc3+ 32. Ke4 a4 33. bxa4 Rxa4
34. Ke5 b3 35. Rd8+ Kg7 36. cxb3 Re3+ 37. Kd6 Rxb3 38. Re2 Rxf4 39. Ree8 1-0

[Event "GBR-ch106 Senior Over 65"]
[Site "Torquay"]
[Date "2019.08.03"]
[Round "6.4"]
[White "Burnett, Jim"]
[Black "Habershon, Paul F"]
[Result "1/2-1/2"]
[WhiteElo "2018"]
[BlackElo "2017"]
[PlyCount "39"]
[EventDate "2019.07.29"]
[EventType "swiss"]
[EventRounds "7"]
[EventCountry "GBR"]

1. d4 Nf6 2. c4 e6 3. Nf3 b6 4. a3 d5 5. cxd5 exd5 6. Qc2 Be7 7. Bf4 c5 8. Nc3
O-O 9. e3 Bb7 10. Be2 Nbd7 11. O-O Ne4 12. Ne5 Nxc3 13. bxc3 Nxe5 14. Bxe5 Bf6
15. Bxf6 Qxf6 16. Rfd1 Rac8 17. Qb2 Rc7 18. Rd2 Re8 19. Bf3 h6 20. Rad1 1/2-1/2

[Event "GBR-ch106 Senior Over 65"]
[Site "Torquay"]
[Date "2019.08.03"]
[Round "6.5"]
[White "Jones, Chris"]
[Black "Pickersgill, Adrian O"]
[Result "1-0"]
[WhiteElo "2036"]
[BlackElo "1948"]
[PlyCount "99"]
[EventDate "2019.07.29"]
[EventType "swiss"]
[EventRounds "7"]
[EventCountry "GBR"]

1. d4 d6 2. e4 Nf6 3. Nc3 c6 4. Nf3 Bg4 5. h3 Bh5 6. g4 Bg6 7. Qe2 e6 8. h4 h5
9. g5 Nfd7 10. d5 cxd5 11. exd5 e5 12. Be3 Be7 13. O-O-O O-O 14. Bh3 Na6 15.
Qb5 Nb6 16. Nd2 Qc7 17. Bxb6 axb6 18. Nc4 Bd8 19. Kb1 f5 20. Na3 Nc5 21. Qc4
Qd7 22. Nab5 Be7 23. f4 Rfc8 24. fxe5 Na4 25. Qd3 dxe5 26. d6 Nxc3+ 27. Nxc3
Bd8 28. Qd5+ Bf7 29. Qxe5 Rc5 30. Qd4 Qc6 31. Rhf1 g6 32. Rf2 Rc4 33. Qd3 b5
34. Bxf5 Rxc3 35. bxc3 Bxa2+ 36. Kb2 Qc5 37. Be6+ Kh8 38. Rf8+ Kh7 39. Rf7+ Kh8
40. Rf8+ Kh7 41. Rf7+ Kh8 42. c4 Qb4+ 43. Kc1 Qb1+ 44. Kd2 Ba5+ 45. Ke2 Qb2 46.
Qd4+ Qxd4 47. Rxd4 Bb6 48. Re4 b4 49. Rxb7 Bc5 50. d7 1-0

[Event "GBR-ch106 Senior Over 65"]
[Site "Torquay"]
[Date "2019.08.03"]
[Round "6.6"]
[White "De Coverly, Roger D"]
[Black "Bray, Dave J"]
[Result "1/2-1/2"]
[WhiteElo "1928"]
[BlackElo "2085"]
[PlyCount "120"]
[EventDate "2019.07.29"]
[EventType "swiss"]
[EventRounds "7"]
[EventCountry "GBR"]

1. e4 c5 2. Nf3 Nc6 3. g3 d6 4. Bg2 g6 5. O-O Bg7 6. d3 e5 7. c3 Nge7 8. a3 O-O
9. b4 b6 10. Bb2 h6 11. b5 Na5 12. Nfd2 Be6 13. c4 Qd7 14. f4 Bh3 15. Nc3 Bxg2
16. Kxg2 f5 17. Nd5 Nxd5 18. exd5 Rae8 19. fxe5 dxe5 20. Qc2 Nb7 21. Rae1 Nd6
22. Rf2 Rf7 23. h3 Rfe7 24. Rfe2 g5 25. Bc3 f4 26. gxf4 exf4 27. Rxe7 Rxe7 28.
Ne4 Nf5 29. Bxg7 Nh4+ 30. Kf2 Qxh3 31. Nf6+ Kxg7 32. Rxe7+ Kxf6 33. Re6+ Kf7
34. Qe2 Qg3+ 35. Kf1 f3 36. Qf2 Qf4 37. Re4 Qc1+ 38. Qe1 Qxe1+ 39. Kxe1 Nf5 40.
Kf2 Nd6 41. Re6 Nf5 42. Rc6 g4 43. Rc7+ Kf6 44. Rxa7 Ke5 45. Rf7 h5 46. a4 Nd6
47. Re7+ Kf4 48. Re6 g3+ 49. Kf1 Nf5 50. d6 Ne3+ 51. Rxe3 Kxe3 52. d7 g2+ 53.
Kg1 Ke2 54. d8=Q f2+ 55. Kxg2 f1=Q+ 56. Kh2 Qf2+ 57. Kh1 Kf1 58. Qg5 Qf3+ 59.
Kh2 Qe2+ 60. Kh1 Qf3+ 1/2-1/2

[Event "GBR-ch106 Senior Over 65"]
[Site "Torquay"]
[Date "2019.08.03"]
[Round "6.7"]
[White "Wager, John D"]
[Black "Gamble, Raymond J"]
[Result "1-0"]
[WhiteElo "2014"]
[BlackElo "1835"]
[PlyCount "97"]
[EventDate "2019.07.29"]
[EventType "swiss"]
[EventRounds "7"]
[EventCountry "GBR"]

1. Nf3 Nf6 2. b3 e6 3. Bb2 d5 4. e3 Be7 5. d4 O-O 6. Nbd2 Nbd7 7. Bd3 b6 8. O-O
Bb7 9. c4 c5 10. Rc1 Ne4 11. Bb1 Nxd2 12. Nxd2 cxd4 13. Bxd4 Bf6 14. cxd5 exd5
15. Nf3 Re8 16. Qc2 g6 17. Qc7 Ba6 18. Rfd1 Be2 19. Rd2 Bxf3 20. Qxd8 Rexd8 21.
gxf3 Bxd4 22. Rxd4 Rdc8 23. Rxc8+ Rxc8 24. Rxd5 Rc1+ 25. Kg2 Nc5 26. Be4 Nxe4
27. fxe4 Rc7 28. Rd2 f6 29. h4 h5 30. f4 Kf7 31. f5 gxf5 32. exf5 Ke7 33. Kf3
Rc1 34. Ke4 Rh1 35. Kd5 Kd7 36. Rg2 Rd1+ 37. Ke4 Rh1 38. Rg6 Rxh4+ 39. Kd5 Rg4
40. Rxf6 Rg3 41. e4 Rd3+ 42. Ke5 Ke7 43. Rh6 Rd2 44. Rxh5 Rxa2 45. Rh7+ Kf8 46.
Kf6 Kg8 47. Rg7+ Kh8 48. Rb7 Ra3 49. Kg6 1-0

[Event "GBR-ch106 Senior Over 65"]
[Site "Torquay"]
[Date "2019.08.03"]
[Round "6.8"]
[White "Charnley, Bernard J"]
[Black "Kelly, Ian G"]
[Result "1/2-1/2"]
[WhiteElo "1875"]
[BlackElo "2000"]
[PlyCount "95"]
[EventDate "2019.07.29"]
[EventType "swiss"]
[EventRounds "7"]
[EventCountry "GBR"]

1. e4 d6 2. d4 Nf6 3. Nc3 g6 4. Be3 Bg7 5. f3 c6 6. Qd2 Na6 7. O-O-O b5 8. Bh6
Bxh6 9. Qxh6 b4 10. Nce2 Qb6 11. g4 Be6 12. Kb1 Nc7 13. Qd2 a5 14. g5 Nd7 15.
Bh3 Bxh3 16. Nxh3 Nb5 17. c4 bxc3 18. Nxc3 Na3+ 19. Ka1 Nc4 20. Na4 Qb5 21. Qc3
Qxa4 22. b3 Qb4 23. Qxc4 Qxc4 24. bxc4 Rb8 25. Rb1 O-O 26. Rhc1 c5 27. Rb5 cxd4
28. Rd5 Nc5 29. Rxd4 Rb4 30. e5 dxe5 31. Rd5 Rc8 32. Nf2 f6 33. h4 e6 34. Rd6
f5 35. Nd1 Kf7 36. Ne3 Ke7 37. Rcd1 Rb7 38. R6d2 e4 39. fxe4 Nxe4 40. Rc2 Rd8
41. Re1 a4 42. c5 Rc8 43. c6 Rb6 44. Rec1 f4 45. Ng4 Rb5 46. Rc4 Nd6 47. Rxf4
Ra5 48. Rb4 1/2-1/2

[Event "GBR-ch106 Senior Over 65"]
[Site "Torquay"]
[Date "2019.08.03"]
[Round "6.9"]
[White "Hutchinson, Norman A"]
[Black "Blewitt, Stephen D"]
[Result "1-0"]
[WhiteElo "1983"]
[BlackElo "1744"]
[PlyCount "109"]
[EventDate "2019.07.29"]
[EventType "swiss"]
[EventRounds "7"]
[EventCountry "GBR"]

1. e4 c6 2. d4 d5 3. e5 Bf5 4. Nf3 e6 5. Be2 h5 6. Nbd2 Nh6 7. c4 Be7 8. Qb3
Qc7 9. Nf1 dxc4 10. Bxc4 Nd7 11. Ng3 Bg4 12. h3 Bxf3 13. Qxf3 h4 14. Bxh6 Rxh6
15. Ne2 Bb4+ 16. Kf1 Nb6 17. Bb3 Qd7 18. Qg4 Bf8 19. Rc1 O-O-O 20. Kg1 Kb8 21.
Kh2 Nd5 22. Rhd1 Ka8 23. Ng1 Ne7 24. Nf3 Nf5 25. Qf4 Be7 26. Kh1 Rg8 27. Nh2
Qd8 28. Rc4 Bg5 29. Qe4 Rg6 30. Ng4 Ne7 31. Qe2 Nd5 32. Bc2 Rh6 33. Nxh6 gxh6
34. Be4 Nf4 35. Qc2 Qb6 36. Qa4 Rd8 37. Rb4 Qc7 38. Qb3 Be7 39. Rc4 f5 40. Bf3
Nd5 41. Bxd5 Rxd5 42. Qe3 Bg5 43. f4 Be7 44. Rdc1 Qb6 45. Qd2 Qa6 46. a3 Qb6
47. b4 a6 48. a4 Ka7 49. Qc3 a5 50. bxa5 Rxa5 51. Qc2 Rd5 52. Rb1 Qa6 53. Qb3
Rd7 54. Rc2 Rd5 55. Rcb2 1-0

[Event "GBR-ch106 Senior Over 65"]
[Site "Torquay"]
[Date "2019.08.03"]
[Round "6.10"]
[White "Towers, Nigel S"]
[Black "Campbell, Ian"]
[Result "1/2-1/2"]
[WhiteElo "1830"]
[BlackElo "1945"]
[PlyCount "34"]
[EventDate "2019.07.29"]
[EventType "swiss"]
[EventRounds "7"]
[EventCountry "GBR"]

1. e4 g6 2. d4 Bg7 3. Nf3 d6 4. c4 c5 5. Nc3 cxd4 6. Nxd4 Bd7 7. Be2 Nc6 8. Be3
Nf6 9. O-O O-O 10. Rc1 a6 11. f3 Rc8 12. Qd2 Re8 13. Nd5 Nxd5 14. cxd5 Nxd4 15.
Bxd4 Bxd4+ 16. Qxd4 Qa5 17. a3 Bb5 1/2-1/2

[Event "GBR-ch106 Senior Over 65"]
[Site "Torquay"]
[Date "2019.08.03"]
[Round "6.11"]
[White "Hutchinson, Paul A"]
[Black "Milnes, Anthony CP"]
[Result "1-0"]
[WhiteElo "2177"]
[BlackElo "1974"]
[PlyCount "65"]
[EventDate "2019.07.29"]
[EventType "swiss"]
[EventRounds "7"]
[EventCountry "GBR"]

1. e4 e6 2. d3 d5 3. Nd2 Nf6 4. Ngf3 Nc6 5. g3 e5 6. Bg2 dxe4 7. dxe4 Bc5 8.
O-O O-O 9. c3 a5 10. Qa4 Bd7 11. Qc2 Qe7 12. Nc4 Ng4 13. h3 b5 14. Nxa5 Nxa5
15. hxg4 b4 16. cxb4 Bxb4 17. g5 Bb5 18. Rd1 Rfd8 19. Bf1 Rxd1 20. Qxd1 Bxf1
21. Kxf1 Rd8 22. Qc2 Bc5 23. Bd2 Nc6 24. Rc1 Nd4 25. Qxc5 Qxc5 26. Rxc5 Nxf3
27. Be3 Rd7 28. a4 f6 29. gxf6 gxf6 30. a5 Nd4 31. a6 c6 32. Bxd4 exd4 33. Ke2
1-0

[Event "GBR-ch106 Senior Over 65"]
[Site "Torquay"]
[Date "2019.08.03"]
[Round "6.12"]
[White "Stimpson, Philip M"]
[Black "Orton, Stephen LA"]
[Result "0-1"]
[WhiteElo "1935"]
[BlackElo "2167"]
[PlyCount "90"]
[EventDate "2019.07.29"]
[EventType "swiss"]
[EventRounds "7"]
[EventCountry "GBR"]

1. e4 c5 2. Nc3 Nc6 3. f4 g6 4. Nf3 Bg7 5. Bb5 Nd4 6. O-O Nxb5 7. Nxb5 d5 8. e5
a6 9. Nc3 d4 10. Ne4 b6 11. d3 Nh6 12. Qe2 O-O 13. a4 f5 14. Nf2 Qd5 15. c4
dxc3 16. bxc3 Bb7 17. Qb2 b5 18. c4 bxc4 19. dxc4 Qc6 20. Rb1 Rab8 21. Qb6 Qxb6
22. Rxb6 Bxf3 23. Rxb8 Rxb8 24. gxf3 Rb4 25. Be3 Rxc4 26. Rc1 Rxc1+ 27. Bxc1
Nf7 28. Ba3 g5 29. Bxc5 gxf4 30. Nd3 Nxe5 31. Nxe5 Bxe5 32. Bxe7 Kf7 33. Bb4
Ke6 34. Kf2 Kd5 35. Ke2 Kc4 36. Bd2 Bc7 37. a5 Kb5 38. Kd3 Bxa5 39. Bxf4 Bb6
40. Kc3 Kc6 41. h3 Kd5 42. Kd3 a5 43. Bd2 a4 44. Bc3 a3 45. Bg7 Bc7 0-1

[Event "GBR-ch106 Senior Over 65"]
[Site "Torquay"]
[Date "2019.08.03"]
[Round "6.13"]
[White "Fisher, C Phillip"]
[Black "Bowmer, Kevin"]
[Result "0-1"]
[WhiteElo "1843"]
[BlackElo "2107"]
[PlyCount "62"]
[EventDate "2019.07.29"]
[EventType "swiss"]
[EventRounds "7"]
[EventCountry "GBR"]

1. e4 c5 2. Nf3 d6 3. d4 cxd4 4. Nxd4 Nf6 5. Nc3 Nc6 6. f3 e6 7. Be3 Be7 8. Qd2
O-O 9. O-O-O a6 10. Kb1 Nxd4 11. Bxd4 b5 12. g4 Bb7 13. h4 Rc8 14. Bd3 Nd7 15.
h5 Ne5 16. Bxe5 dxe5 17. Qh2 Qc7 18. Rdg1 Bg5 19. Nd1 b4 20. Nf2 a5 21. Nh3 f6
22. h6 g6 23. Nxg5 fxg5 24. Qe2 Qc5 25. Rd1 a4 26. Rhf1 a3 27. Qd2 axb2 28.
Qxg5 Ra8 29. Kxb2 Qc3+ 30. Kb1 Rxa2 31. Kxa2 Ra8+ 0-1

[Event "GBR-ch106 Senior Over 65"]
[Site "Torquay"]
[Date "2019.08.03"]
[Round "6.14"]
[White "Anderton, David W"]
[Black "Thynne, Trefor F"]
[Result "1/2-1/2"]
[WhiteElo "2088"]
[BlackElo "1913"]
[PlyCount "40"]
[EventDate "2019.07.29"]
[EventType "swiss"]
[EventRounds "7"]
[EventCountry "GBR"]

1. d4 d5 2. c4 c6 3. Nc3 Nf6 4. e3 e6 5. Nf3 Nbd7 6. Bd3 Bd6 7. O-O O-O 8. e4
dxe4 9. Nxe4 Be7 10. Nc3 b6 11. Qe2 Bb7 12. Rd1 Re8 13. Bg5 Qc7 14. Ne5 Rad8
15. Bf4 Bd6 16. g4 g6 17. h4 a6 18. Nxd7 Nxd7 19. Bxd6 Qxd6 20. c5 bxc5 1/2-1/2

[Event "GBR-ch106 Senior Over 65"]
[Site "Torquay"]
[Date "2019.08.03"]
[Round "6.15"]
[White "Myall, Ivan J"]
[Black "Goodwin, Ed H"]
[Result "0-1"]
[WhiteElo "1993"]
[BlackElo "1825"]
[PlyCount "96"]
[EventDate "2019.07.29"]
[EventType "swiss"]
[EventRounds "7"]
[EventCountry "GBR"]

1. d4 e6 2. e4 d5 3. e5 c5 4. c3 Nc6 5. Be3 Nge7 6. Nf3 Nf5 7. Bd3 b6 8. O-O
Be7 9. Nbd2 O-O 10. Qb1 h6 11. Rd1 cxd4 12. cxd4 Nxe3 13. fxe3 f6 14. Nh4 f5
15. Ng6 Bg5 16. Nxf8 Bxe3+ 17. Kh1 Qxf8 18. Nf1 Bg5 19. Bb5 Bd7 20. Qd3 Rd8 21.
a3 Ne7 22. Bxd7 Rxd7 23. Nd2 f4 24. Nf3 Nf5 25. Rdc1 Bd8 26. Rc6 Qf7 27. Kg1 g5
28. Rc8 g4 29. Nd2 Kg7 30. Nf1 Bg5 31. Rd1 Qh5 32. Qb5 Re7 33. Rd3 f3 34. Rc2
fxg2 35. Rxg2 Nh4 36. Ng3 Qg6 37. Re2 Nf3+ 38. Kg2 h5 39. Rxf3 gxf3+ 40. Kxf3
h4 41. Kg2 hxg3 42. hxg3 Rf7 43. Rf2 Qe4+ 44. Kf1 Rxf2+ 45. Kxf2 Be3+ 46. Ke2
Bxd4+ 47. Kd1 Qb1+ 48. Kd2 Qxb2+ 0-1

[Event "GBR-ch106 Senior Over 65"]
[Site "Torquay"]
[Date "2019.08.03"]
[Round "6.16"]
[White "Wright, Daniel"]
[Black "Collins, Peter M"]
[Result "1-0"]
[WhiteElo "2235"]
[BlackElo "1868"]
[PlyCount "89"]
[EventDate "2019.07.29"]
[EventType "swiss"]
[EventRounds "7"]
[EventCountry "GBR"]

1. Nf3 Nf6 2. c4 c5 3. g3 g6 4. Bg2 Bg7 5. Nc3 d6 6. d4 O-O 7. O-O Nbd7 8. d5
Re8 9. h3 Nf8 10. e4 N6d7 11. Bf4 Ne5 12. Nxe5 Bxe5 13. Bxe5 dxe5 14. f4 Nd7
15. Qd2 f6 16. f5 Kg7 17. Rad1 Qa5 18. Nb5 Qxd2 19. Rxd2 Rg8 20. b3 a6 21. Nc7
Ra7 22. fxg6 hxg6 23. d6 exd6 24. Rxd6 b5 25. Nd5 Rf8 26. h4 bxc4 27. bxc4 Nb8
28. Rdxf6 Raf7 29. Rxf7+ Rxf7 30. Rb1 Nc6 31. Rb2 Nd4 32. Rf2 Rb7 33. Nf6 Rb1+
34. Kh2 Be6 35. Bf1 Rc1 36. Ne8+ Kg8 37. Nd6 Rb1 38. Bh3 Bxh3 39. Kxh3 a5 40.
Kg4 Rb6 41. Rf6 Kh7 42. Kg5 Nf3+ 43. Rxf3 Rxd6 44. Rf7+ Kg8 45. Ra7 1-0

[Event "GBR-ch106 Senior Over 65"]
[Site "Torquay"]
[Date "2019.08.03"]
[Round "6.17"]
[White "Marshall, Michael O"]
[Black "Brameld, Arthur F"]
[Result "1/2-1/2"]
[WhiteElo "1885"]
[BlackElo "2091"]
[PlyCount "54"]
[EventDate "2019.07.29"]
[EventType "swiss"]
[EventRounds "7"]
[EventCountry "GBR"]

1. d4 e6 2. Nf3 d5 3. Bf4 Bd6 4. Bg3 Bxg3 5. hxg3 f5 6. e3 Nf6 7. c4 c6 8. Nc3
a6 9. a4 Ne4 10. Qc2 O-O 11. Bd3 Nd7 12. cxd5 exd5 13. b4 Ndf6 14. Ne5 g6 15.
Rc1 Qe7 16. Rb1 Bd7 17. a5 Nxc3 18. Qxc3 Ne4 19. Qc2 Rae8 20. Bxe4 fxe4 21.
Nxd7 Qxd7 22. Qe2 Rf5 23. Rf1 Qd6 24. Rb2 Ref8 25. Kd1 R8f7 26. Ke1 Qf8 27. Qg4
Qd6 1/2-1/2

[Event "GBR-ch106 Senior Over 65"]
[Site "Torquay"]
[Date "2019.08.03"]
[Round "6.18"]
[White "Moore, Geoffrey R"]
[Black "O'Brien, Paul W"]
[Result "1-0"]
[WhiteElo "1964"]
[BlackElo "1590"]
[PlyCount "49"]
[EventDate "2019.07.29"]
[EventType "swiss"]
[EventRounds "7"]
[EventCountry "GBR"]

1. e4 c5 2. Nf3 d6 3. d4 cxd4 4. Nxd4 Nf6 5. Nc3 g6 6. Be3 Bg7 7. f3 O-O 8. Qd2
Nc6 9. O-O-O d5 10. Qe1 e5 11. Nxc6 bxc6 12. exd5 Nxd5 13. Bc4 Be6 14. Kb1
Nxc3+ 15. Qxc3 Qc8 16. Bxe6 Qxe6 17. Qb3 Qe7 18. Qc4 Rab8 19. Qxc6 Qb4 20. b3
Rfc8 21. Qe4 Rc4 22. Rd8+ Bf8 23. Rxb8 Rxe4 24. Rxb4 Rxb4 25. Bxa7 1-0

[Event "GBR-ch106 Senior Over 65"]
[Site "Torquay"]
[Date "2019.08.03"]
[Round "6.19"]
[White "Ramage, Colin R"]
[Black "Skinner, Nicholas H"]
[Result "1/2-1/2"]
[WhiteElo "1798"]
[BlackElo "1905"]
[PlyCount "43"]
[EventDate "2019.07.29"]
[EventType "swiss"]
[EventRounds "7"]
[EventCountry "GBR"]

1. e4 c5 2. d4 cxd4 3. c3 d5 4. exd5 Qxd5 5. cxd4 Nc6 6. Nf3 e5 7. Nc3 Bb4 8.
Bd2 Bxc3 9. Bxc3 e4 10. Ne5 Nxe5 11. dxe5 Ne7 12. Qxd5 Nxd5 13. Bb5+ Bd7 14.
Bxd7+ Kxd7 15. O-O-O Ke6 16. Rhe1 Nxc3 17. bxc3 Rac8 18. Rxe4 Rxc3+ 19. Kb2
Rhc8 20. Re2 R3c5 21. Rd3 R8c7 22. f4 1/2-1/2

[Event "GBR-ch106 Senior Over 65"]
[Site "Torquay"]
[Date "2019.08.03"]
[Round "6.20"]
[White "Dennis, Nigel W"]
[Black "Levens, David G"]
[Result "0-1"]
[WhiteElo "1745"]
[BlackElo "1904"]
[PlyCount "112"]
[EventDate "2019.07.29"]
[EventType "swiss"]
[EventRounds "7"]
[EventCountry "GBR"]

1. e4 c5 2. Nf3 d6 3. d4 cxd4 4. Nxd4 Nf6 5. Nc3 a6 6. Be2 g6 7. O-O Bg7 8. Be3
Nbd7 9. f4 Qc7 10. a4 b6 11. Bf3 Bb7 12. Nb3 O-O 13. Qe2 Rac8 14. Rfd1 Qc4 15.
Qxc4 Rxc4 16. Rd4 Rc7 17. Rd2 Rfc8 18. Bd4 Nc5 19. Nxc5 bxc5 20. Be3 Ne8 21. a5
Bc6 22. Be2 Rb8 23. Ra2 Bxc3 24. bxc3 Bxe4 25. Bxa6 Ra7 26. Bd3 Nf6 27. Rd1
Rba8 28. Rda1 Bxd3 29. cxd3 Nd5 30. Bd2 Kf8 31. Kf2 Ke8 32. Kf3 Kd7 33. g4 Kc6
34. h4 Nc7 35. c4 Rb8 36. Ke2 Ne6 37. Ke3 Ng7 38. Bc3 Ne8 39. f5 Nc7 40. fxg6
fxg6 41. Rf1 d5 42. Bd2 Rb3 43. cxd5+ Nxd5+ 44. Ke2 Nb4 45. Ra4 Kb5 46. Raa1
Ra6 47. Rf3 Nc2 48. Ra2 Nd4+ 49. Ke3 Nxf3 50. Kxf3 Rxd3+ 51. Ke4 c4 52. Rb2+
Rb3 53. Rxb3+ cxb3 54. Kd3 Rxa5 55. Bxa5 Kxa5 56. Kc3 Ka4 0-1

[Event "GBR-ch106 Senior Over 65"]
[Site "Torquay"]
[Date "2019.08.03"]
[Round "6.21"]
[White "Rhodes, Lawrence"]
[Black "Moore, Gillian A"]
[Result "0-1"]
[WhiteElo "1607"]
[BlackElo "1807"]
[PlyCount "92"]
[EventDate "2019.07.29"]
[EventType "swiss"]
[EventRounds "7"]
[EventCountry "GBR"]

1. c4 e5 2. Nc3 Nf6 3. e3 d5 4. cxd5 Nxd5 5. g3 Nxc3 6. bxc3 c6 7. Qc2 Be6 8.
d3 Nd7 9. Bg2 Be7 10. Nf3 O-O 11. O-O Qc7 12. e4 h6 13. Re1 f5 14. Bh3 g5 15.
exf5 Bxf5 16. Bxf5 Rxf5 17. Nd4 Rf7 18. Qb3 Nc5 19. Ne6 Qb6 20. Nxc5 Bxc5 21.
Be3 Kg7 22. Qxb6 Bxb6 23. Bxb6 axb6 24. Rxe5 Ra3 25. c4 Rxd3 26. Kf1 Rc3 27.
Re4 Rc2 28. Re2 Rxc4 29. Rd1 b5 30. Rb2 Rc3 31. Rd6 Rc1+ 32. Ke2 Re7+ 33. Kf3
Rce1 34. h4 gxh4 35. gxh4 Rf7+ 36. Kg2 Re4 37. Kg3 h5 38. f3 Ref4 39. Rb3 R4f6
40. Rxf6 Kxf6 41. Kf4 Rd7 42. Rb4 Rd5 43. Ke4 Rc5 44. a3 Rc4+ 45. Kd3 Ke5 46.
Ke3 Rc3+ 0-1

[Event "GBR-ch106 Senior Over 65"]
[Site "Torquay"]
[Date "2019.08.03"]
[Round "6.22"]
[White "Norman, Dinah M"]
[Black "Walkowiak, Adam"]
[Result "1-0"]
[WhiteElo "1680"]
[BlackElo "1698"]
[PlyCount "61"]
[EventDate "2019.07.29"]
[EventType "swiss"]
[EventRounds "7"]
[EventCountry "GBR"]

1. d4 Nf6 2. Nf3 d5 3. e3 Bf5 4. c4 e6 5. Qb3 b6 6. Nc3 Be7 7. Bd2 O-O 8. cxd5
exd5 9. Rc1 Nbd7 10. Nxd5 Nxd5 11. Qxd5 Be6 12. Qc6 Rc8 13. Be2 Nb8 14. Qa4 c5
15. dxc5 Bxc5 16. Bc3 Nc6 17. O-O a5 18. a3 Qd5 19. Rcd1 Qb3 20. Qxb3 Bxb3 21.
Rd7 Rfd8 22. Rxd8+ Rxd8 23. h3 Ba4 24. Ne5 Nxe5 25. Bxe5 Rd2 26. Bf3 f6 27. Bc3
Rd6 28. b4 Rd3 29. bxc5 Rxc3 30. cxb6 Rb3 31. Bd5+ 1-0

[Event "GBR-ch106 Senior Over 65"]
[Site "Torquay"]
[Date "2019.08.03"]
[Round "6.23"]
[White "Tidmarsh, David A"]
[Black "Hughes, Peter"]
[Result "1/2-1/2"]
[WhiteElo "1809"]
[BlackElo "1794"]
[PlyCount "31"]
[EventDate "2019.07.29"]
[EventType "swiss"]
[EventRounds "7"]
[EventCountry "GBR"]

1. e4 d6 2. d4 Nf6 3. Nc3 e5 4. Nf3 exd4 5. Nxd4 Be7 6. Be2 O-O 7. Be3 Re8 8.
f3 c6 9. Qd2 b5 10. a3 a6 11. O-O Qc7 12. Rad1 Bf8 13. Rfe1 Nbd7 14. Nf5 Re6
15. Nd4 Re8 16. Nf5 1/2-1/2

[Event "GBR-ch106 Senior Over 65"]
[Site "Torquay"]
[Date "2019.08.04"]
[Round "7.1"]
[White "Hewson, Brian WR"]
[Black "Friedgood, David"]
[Result "1/2-1/2"]
[WhiteElo "2035"]
[BlackElo "2177"]
[PlyCount "36"]
[EventDate "2019.07.29"]
[EventType "swiss"]
[EventRounds "7"]
[EventCountry "GBR"]

1. d4 Nf6 2. Nf3 g6 3. g3 Bg7 4. Bg2 O-O 5. O-O d6 6. c4 Bf5 7. Nc3 Qc8 8. Re1
Nc6 9. d5 Ne5 10. Nxe5 dxe5 11. e4 Bg4 12. f3 Bh3 13. Be3 a6 14. a4 Nh5 15. Qd2
Bxg2 16. Kxg2 f5 17. Bh6 Bxh6 18. Qxh6 f4 1/2-1/2